[Event "Stopkin Memorial 1st"]
[Site "Nikolaev"]
[Date "2009.11.25"]
[Round "5"]
[White "Karimbekov, Alisher"]
[Black "Zabgaeva, Marina"]
[Result "1-0"]
[WhiteElo "2075"]
[BlackElo "1856"]
[PlyCount "81"]
[EventDate "2009.11.22"]
[EventType "swiss"]
[EventRounds "9"]
[EventCountry "UKR"]
[SourceTitle "EXT 2023"]
[Source "ChessBase"]
[SourceDate "2022.10.05"]
[SourceVersion "1"]
[SourceVersionDate "2022.10.05"]
[SourceQuality "1"]

1. e3 d5 2. c4 c6 3. f4 Nf6 4. Nf3 Nbd7 5. b3 Nc5 6. Ba3 b6 7. Ne5 Bb7 8. d4 Nce4 9. Nd2 Nxd2 10. Qxd2 Ne4 11. Qd1 e6 12. Bxf8 Kxf8 13. Bd3 Qh4+ 14. g3 Nxg3 15. Nf3 Qh6 16. Rg1 Ne4 17. Qc2 c5 18. 0-0-0 cxd4 19. Bxe4 dxe4 20. Nxd4 Ke7 21. Qb2 Rhd8 22. Rxg7 Rg8 23. Nf5+ exf5 24. Qa3+ Kf6 25. Rxg8 Rxg8 26. Qd6+ Kg7 27. Rg1+ Qg6 28. Rxg6+ hxg6 29. Qe5+ Kh6 30. Qe7 Bc6 31. Qxa7 b5 32. Qxf7 Rc8 33. Qe6 Rc7 34. Qe5 Rc8 35. c5 Bd7 36. b4 Bc6 37. Qe6 Rc7 38. Qd6 Rc8 39. Kd2 Kg7 40. Qe7+ Kh6 41. Kc3 1-0